Personnages des Schtroumpfs ou des Sept Nains ? (Click Quiz) - Statistiques

Statistiques générales
  • Ce quiz a été pris 808 fois
  • Le résultat moyen est 13 sur 15
Statistiques - réponses
Hint Réponse % Correct
À lunettes Les Schtroumpfs
95%
Costaud Les Schtroumpfs
93%
Simplet Les Sept Nains
93%
Atchoum Les Sept Nains
92%
Farceur Les Schtroumpfs
91%
Maladroit Les Schtroumpfs
90%
Coquet Les Schtroumpfs
89%
Grincheux Les Sept Nains
89%
Joyeux Les Sept Nains
84%
Dormeur Les Sept Nains
82%
Timide Les Sept Nains
81%
Prof Les Sept Nains
81%
Paresseux Les Schtroumpfs
79%
Peureux Les Schtroumpfs
74%
Grognon Les Schtroumpfs
74%
Aucun quiz correspondant
Distribution des résultats
% des personnes avec chaque résultat
Percentile par nombre de réponses
Votre historique - résultats
Vous n’avez pas pris ce quiz